000
00322nam a2200133Ia 4500
005
20251222144734.0
008
251222s9999||||xx |||||||||||||| ||spa||
020
_a
0-673-12497-5
082
_a
428/S31S
100
_a
Foresman, Scott
245
0
_a
My Second Picture Dictionary:
264
_b
Scott Foresman
942
_c
LIB
999
_c
18702
_d
18702